| 000 | 00725nam a22002177a 4500 | ||
|---|---|---|---|
| 003 | OSt | ||
| 005 | 20251024005745.0 | ||
| 008 | 251007b |||||||| |||| 00| 0 eng d | ||
| 020 | _a971-045942-1. | ||
| 040 |
_aDWCL-Main lib _cOC |
||
| 082 | _aFil. 364.163 K14q 2009 | ||
| 100 | _aKalalang, Sally S. | ||
| 245 |
_aQuestioned document examination : _ban instructional handbook |
||
| 260 |
_aQuezon City : _bWiseman's Books Trading, _cc2009. |
||
| 300 |
_axiv, (various paging) : _billustration ; _c28 cm. |
||
| 504 | _aIncludes bibliographical references. | ||
| 650 | _21. Forgery-Handbooks, manuals, etc. | ||
| 650 | _22. Fraud-Handbooks, manuals, etc. | ||
| 700 | _aKalalang, Avelino P. | ||
| 942 |
_2ddc _cBK - FIL _kFil. _n0 |
||
| 999 |
_c4660 _d4660 |
||